| 000 | 00993nam a22003977a 4500 | ||
|---|---|---|---|
| 005 | 20250912134935.0 | ||
| 008 | 250404b2024 |||||||| |||| 00| 0 spa d | ||
| 020 | _a9788412733310 | ||
| 041 | _aESP | ||
| 082 | _a617.693 R585i | ||
| 245 | _aImplantoprótesis: guía de prótesis dental sobre implantes | ||
| 260 | _aEspaña | ||
| 260 | _bLisermed | ||
| 260 | _c2024 | ||
| 300 | _a856 páginas | ||
| 650 | _aIMPLANTOLOGÍA DENTARIA | ||
| 650 | _aMAXILARES | ||
| 650 | _aTEJIDOS PREIMPLANTARIOS | ||
| 650 | _aBIOMATERIALES | ||
| 650 | _aPOLÍMEROS | ||
| 650 | _aBIOMECÁNICA | ||
| 650 | _aPILARES DENTALES | ||
| 650 | _aPACIENTE EDÉNTULO | ||
| 650 | _aCOLOR DENTAL | ||
| 650 | _aPRÓTESIS PROVISIONAL | ||
| 650 | _aARTICULADORES | ||
| 650 | _aÁNGULO DE BENNETT | ||
| 650 | _aCERÁMICAS | ||
| 650 | _aCAD/CAM | ||
| 650 | _aIMPRESORAS 3D | ||
| 650 | _aSISTEMAS RETENTIVOS | ||
| 650 | _aPUENTES | ||
| 650 | _aVACIADO | ||
| 942 |
_2ddc _cBK |
||
| 999 |
_c13734 _d13734 |
||